Колесно-токарный станок и его эволюция к современным типам: с приложением XI таблиц чертежей; Известия Томского Технологического Института [Известия ТТИ]; Т. 10, № 2

Bibliographische Detailangaben
Parent link:Известия Томского Технологического Института [Известия ТТИ]/ Томский технологический институт (ТТИ).— , 1903-1925
Т. 10, № 2.— 1908
1. Verfasser: Козьмин П. А. Петр Алексеевич
Zusammenfassung:Заглавие с титульного листа
Электронная версия печатной публикации
Sprache:Russisch
Veröffentlicht: 1908
Schlagworte:
Online-Zugang:Черно-белая версия для предварительного просмотра
Цветная версия без потери качества
Format: Elektronisch Buchkapitel
KOHA link:https://koha.lib.tpu.ru/cgi-bin/koha/opac-detail.pl?biblionumber=159825

MARC

LEADER 00000nla2a2200000 4500
001 159825
005 20231101222136.0
035 |a (RuTPU)RU\TPU\book\173341 
035 |a RU\TPU\book\172786 
090 |a 159825 
100 |a 20090515d1908 k y0rusy50 ca 
101 0 |a rus 
102 |a RU 
135 |a drnn ---uucaa 
181 0 |a i  
182 0 |a b 
200 1 |a Колесно-токарный станок и его эволюция к современным типам  |b Электронный ресурс  |e с приложением XI таблиц чертежей  |f П. А. Козьмин 
203 |a Текст  |c электронный 
215 |a 2 файла (6.5 Мб, 108 Мб) 
230 |a Электронные текстовые данные (2 файла : 6.5 Мб, 108 Мб) 
300 |a Заглавие с титульного листа 
300 |a Электронная версия печатной публикации 
337 |a Adobe Reader 
461 1 |0 (RuTPU)RU\TPU\book\165999  |t Известия Томского Технологического Института [Известия ТТИ]  |f Томский технологический институт (ТТИ)  |d 1903-1925 
463 1 |0 (RuTPU)RU\TPU\book\173336  |t Т. 10, № 2  |d 1908  |p 218 с. 
610 1 |a электронный ресурс 
610 1 |a труды учёных ТПУ 
700 1 |a Козьмин  |b П. А.  |c инженер-технолог  |c преподаватель ТТИ в 1902-1907 гг.  |f 1871-?  |g Петр Алексеевич  |2 stltpush  |3 (RuTPU)RU\TPU\pers\23342  |9 10122 
801 1 |a RU  |b 63413507  |c 20090320  |g PSBO 
801 2 |a RU  |b 63413507  |c 20100809  |g PSBO 
856 4 |u http://www.lib.tpu.ru/fulltext/v/Bulletin_TPU/1908/v10/a1_bw.pdf  |z Черно-белая версия для предварительного просмотра 
856 4 |u http://www.lib.tpu.ru/fulltext/v/Bulletin_TPU/1908/v10/a1_full.pdf  |z Цветная версия без потери качества 
942 |c CF